Evaluación de algunos estudios latinoamericanos sobre comunicación masiva /

Uloženo v:
Podrobná bibliografie
Hlavní autor: Assman, Hugo
Médium: Text
Tagy: Přidat tag
Žádné tagy, Buďte první, kdo vytvoří štítek k tomuto záznamu!

MARC

LEADER 00000 a a2200000 04500
001 40589
003
040
100 |a Assman, Hugo  
245 |a Evaluación de algunos estudios latinoamericanos sobre comunicación masiva /  |c Hugo Assman  
773 |g volumen1, número1 ( XI Congreso Latinoamericano), [páginas 43-86]  
999 |c 22688  |d 22688